Anak kembar Encik Harun

Bibliographic Details
Main Author: Arash Faisal
Format: Book
Published: Kuala Lumpur : Fargoes , 2005
Series:Siri pelajar
Subjects:

MARC

LEADER 00000cam a2200000 7i4500
001 0000002494
005 20151222.0
008 070712
020 |a 9831513665 
090 0 0 |a JF   |b MAL 
100 0 |a Arash Faisal 
245 1 0 |a Anak kembar Encik Harun   |c Arash Faisal 
260 |a Kuala Lumpur :   |b Fargoes ,   |c 2005 
440 |a Siri pelajar 
500 |a Children ages 10-12 years old (pink) 
650 0 |a Malay   |x Languages 
999 |a 0000090214   |b Book   |c Children Collection   |e Cawangan Taman Universiti 
999 |a 0000969772   |b Book   |c Children Collection   |e Cawangan Muar 
999 |a 0000969773   |b Book   |c Children Collection   |e Cawangan Muar 
999 |a 0000969774   |b Book   |c Children Collection   |e Cawangan Segamat 
999 |a 0000969775   |b Book   |c Children Collection   |e Cawangan Taman Sri Lambak 
999 |a 0001087765   |b Book   |c Children Collection   |e Cawangan Tangkak 
999 |a 0001088124   |b Book   |c Children Collection   |e Cawangan Bukit Gambir 
999 |a 0001088136   |b Book   |c Children Collection   |e Cawangan Tangkak 
999 |a 0001091274   |b Book   |c Children Collection   |e Cawangan Tangkak 
999 |a 0001091358   |b Book   |c Children Collection   |e Cawangan Bukit Gambir 
999 |a 0001091370   |b Book   |c Children Collection   |e Cawangan Tangkak